Dinastias Egipto - Estadísticas

Estadísticas generales
  • Esta prueba ha sido intentada 29 veces
  • La puntuación promedio es 6 de 21
Estadísticas de respuestas
Respuesta % Correcto
33
50%
Período Arcaico
45%
Imperio Antiguo
40%
2
35%
4
35%
Imperio Medio
35%
Imperio Nuevo
35%
2
30%
3
30%
4
30%
5
30%
5
30%
Dinastía ptolemaica
30%
Primer Período Intermedio
30%
Segundo Período Intermedio
30%
2
25%
6
25%
Tercer Período Intermedio
25%
Período helenístico
20%
Período Tardío
20%
Dinastía macedónica
10%
No se encontraron pruebas coincidentes
Distribución de puntuación
Porcentaje de gente con cada puntuación
Porcentaje por número respondido
Historial de tus puntuaciones
No has intentado esta prueba.